Nueva historia argentina (Registro nro. 3988)

Detalles MARC
000 -LEADER
fixed length control field 01711 a2200325 4500
001 - CONTROL NUMBER
control field 45768
005 - DATE AND TIME OF LATEST TRANSACTION
control field 20260407155729.0
008 - FIXED-LENGTH DATA ELEMENTS--GENERAL INFORMATION
fixed length control field 260407a2000 arg spa d
003 - CONTROL NUMBER IDENTIFIER
control field AR-UNSa-BCEJYS
040 ## - CATALOGING SOURCE
Original cataloging agency AR-UNSa-BCEJYS
Language of cataloging spa
Transcribing agency AR-UNSa-BCEJYS
080 ## - UNIVERSAL DECIMAL CLASSIFICATION NUMBER
Universal Decimal Classification number 94(82)
Common auxiliary subdivision Historia de Argentina
020 ## - INTERNATIONAL STANDARD BOOK NUMBER
International Standard Book Number 950-07-1385-3
041 ## - LANGUAGE CODE
Language code of text/sound track or separate title spa
100 1# - MAIN ENTRY--PERSONAL NAME
Personal name Suriano, Juan
245 10 - TITLE STATEMENT
Title Nueva historia argentina
264 #1 - PRODUCTION, PUBLICATION, DISTRIBUTION, MANUFACTURE, AND COPYRIGHT NOTICE
Place of production, publication, distribution, manufacture Buenos Aires :
Name of producer, publisher, distributor, manufacturer Sudamericana
Date of production, publication, distribution, manufacture, or copyright notice 2000
300 ## - PHYSICAL DESCRIPTION
Extent 10 v.
Dimensions 24 cm.
505 ## - FORMATTED CONTENTS NOTE
Formatted contents note Vol. 1: Los pueblos originarios y la conquista / Miriam Noemí Tarragó, dir. - Vol. 2: La sociedad colonial / Enrique Tandeter, dir. -- Vol.3: Revolución, república, confedereación (1806-1852) / Noemí Goldman, dir. -- Vol.4: Liberalismo, estado y orden burgués (1852-1880) / Marta Bonaudo, dir. -- Vol.5: El progreso, la modernización y sus límites (1880-1916) / Mirta Zaida Lobato, dir. -- Vol. 6: Democracia, conflicto social y renovación de ideas (19616-1930) / Ricardo Falcón, dir.--Vol. 7: Crisis económica, avance del estado e incertidumbre política(1930-1943)/ Alejandro Cattaruzza, dir. -- Vol.8: Los años peronistas (1943-1955) / Juan Carlos Torre, dir. -- Vol.9: Violencia, proscripción y autoritarismo (1955-1976) / Daniel James, dir.
590 ## - LOCAL NOTE (RLIN)
Local note niveau_biblio:m niveau_hierar:0
700 1# - ADDED ENTRY--PERSONAL NAME
Personal name Tarragó, Myriam Noemí
700 1# - ADDED ENTRY--PERSONAL NAME
Personal name Tandeter, Enrique
700 1# - ADDED ENTRY--PERSONAL NAME
Personal name Falcón, Ricardo
700 1# - ADDED ENTRY--PERSONAL NAME
Personal name Lobato, Mirta Zaida
700 1# - ADDED ENTRY--PERSONAL NAME
Personal name Cattaruzza, Alejandro
700 1# - ADDED ENTRY--PERSONAL NAME
Personal name Torre, Juan Carlos
700 1# - ADDED ENTRY--PERSONAL NAME
Personal name James, Daniel
700 1# - ADDED ENTRY--PERSONAL NAME
Personal name Bonaudo, Marta
856 41 - ELECTRONIC LOCATION AND ACCESS
Uniform Resource Identifier <a href="https://www.biblioeco.unsa.edu.ar/pmb/images/libros/L87043.jpg">https://www.biblioeco.unsa.edu.ar/pmb/images/libros/L87043.jpg</a>
Link text Imagen de portada
Electronic format type image/jpeg
942 ## - ADDED ENTRY ELEMENTS (KOHA)
Koha item type
Existencias
Withdrawn status Lost status Damaged status Not for loan Home library Current library Shelving location Date acquired Total checkouts Full call number Barcode Date last seen Price effective from Koha item type
        Biblioteca Prof. Eusebio Cleto del Rey Biblioteca Prof. Eusebio Cleto del Rey   07/04/2026   94(82) N964 v.1 L87043 07/04/2026 07/04/2026 Libro
        Biblioteca Prof. Eusebio Cleto del Rey Biblioteca Prof. Eusebio Cleto del Rey   07/04/2026   94(82) N964 v.2 L87044 07/04/2026 07/04/2026 Libro
        Biblioteca Prof. Eusebio Cleto del Rey Biblioteca Prof. Eusebio Cleto del Rey   07/04/2026   94(82) N964 v.6 L87047 07/04/2026 07/04/2026 Libro
        Biblioteca Prof. Eusebio Cleto del Rey Biblioteca Prof. Eusebio Cleto del Rey   07/04/2026   94(82) N964 v.8 L87049 07/04/2026 07/04/2026 Libro
        Biblioteca Prof. Eusebio Cleto del Rey Biblioteca Prof. Eusebio Cleto del Rey   07/04/2026   94(82) N964 v.9 L87050 07/04/2026 07/04/2026 Libro
        Biblioteca Prof. Eusebio Cleto del Rey Biblioteca Prof. Eusebio Cleto del Rey   07/04/2026   94(82) N964 v.7 L87048 07/04/2026 07/04/2026 Libro
        Biblioteca Prof. Eusebio Cleto del Rey Biblioteca Prof. Eusebio Cleto del Rey   07/04/2026   94(82) N964 v.5 L87046 07/04/2026 07/04/2026 Libro
        Biblioteca Prof. Eusebio Cleto del Rey Biblioteca Prof. Eusebio Cleto del Rey   07/04/2026   94(82) N964 v.4 L87045 07/04/2026 07/04/2026 Libro